| 000 | 00709nam a22002177a 4500 | ||
|---|---|---|---|
| 999 |
_c15775 _d15775 |
||
| 003 | AR-CdUCM | ||
| 008 | 190305b ||||| |||| 00| 0 spa d | ||
| 040 |
_aMUNICIPALIDAD PROVINCIAL DEL CUSCO _cBIBLIOTECA MUNICIPAL DEL CUSCO |
||
| 082 |
_a869.50 / _bN94 |
||
| 100 |
_aNuñez, Estuardo _92660 |
||
| 245 | _aLa literatura peruana en el siglo XX (1900-1965) / | ||
| 260 |
_aPerú : _bPormaca, _c1965. |
||
| 300 |
_a256 páginas ; _c20 cm. |
||
| 440 |
_aColección pormaca _n15 _934978 |
||
| 505 | _aContenido: Literatura de creación -- Literatura de reflexión ... | ||
| 650 |
_aLiteratura _983 |
||
| 650 |
_aPeruana _925277 |
||
| 650 |
_aSiglo XX _98 |
||
| 942 |
_2ddc _cLIBROS |
||
| 945 |
_arah _d30/04/2019 |
||